000 00662nam a22002057a 4500
005 20170127115402.0
008 170127b xxu||||| |||| 00| 0 eng d
010 _aENG-117191-192
020 _c225.00 (each Vol.)
_a9788193223277 (vol-1)
020 _c225.00 (each Vol.)
_a9788193223277 (vol-2)
035 _aEN-100723-24
037 _bDBAD/PUB
082 _a480
100 _aK.K. Singh
245 _aToefl :
_cby K.K. Singh
_bvocabulary practice book /
260 _aDelhi/NCR
_bMaheshwari Prakashan
_c2016
270 _a911/7C,
_bFaridabad
_e121006
300 _a2 -vol (1-122p.;123-270p.)
_c24cm. (pbk)
942 _cEN
_2ddc
_h480
_mSIN
999 _c137259
_d137259